000 00390nam a2200157Ia 4500
003 a3114
005 20260317145225.0
008 260317t1985 xx ISTHMUS 0 spa ISTHMUS
082 _a975
_b Ab 14
100 _aAbadía Morales, Guillermo
245 0 _aEl Gran Libro de Colombia
260 _bCírculo de Lectores
_c1985
300 _a207
490 _aHistoria
942 _clibros
999 _c6093
_d6093